Wildlife issues in a changing world

Αποθηκεύτηκε σε:
Λεπτομέρειες βιβλιογραφικής εγγραφής
Κύριος συγγραφέας: Moulton, Michael Platt
Άλλοι συγγραφείς: Sanderson, James
Μορφή: Βιβλίο
Γλώσσα:English
Δημοσίευση: Boca Raton : Lewis Publishers, c1999
Έκδοση:2nd ed.
Θέματα:
Ετικέτες: Προσθήκη ετικέτας
Δεν υπάρχουν, Καταχωρήστε ετικέτα πρώτοι!

MARC

LEADER 00000nam a2200000 i 4500
001 1/90133
008 990917s1999 eng d
020 |a 1-56670-351-4 
035 |l 10052978 
040 |a GR-MY-UA  |b gre  |e aacr 
041 0 |a eng 
082 0 |a 333.95416 
100 1 |a Moulton, Michael Platt. 
245 1 0 |a Wildlife issues in a changing world /  |c Michael P. Moulton, James Sanderson 
250 |a 2nd ed. 
260 |a Boca Raton :   |b Lewis Publishers,   |c c1999 
300 |a xviii, 500 σ.;  |b εικ., χάρτες;  |c 23 εκ. 
504 |a Περιέχει βιβλιογραφικές παραπομπές και ευρετήριο 
650 0 0 |a Wildlife conservation. 
650 0 0 |a Endangered species. 
650 0 0 |a Animals. 
650 0 0 |a Human-animal relationships. 
700 1 |a Sanderson, James. 
852 |a INST  |b LESVOS  |e 19990917  |h 333.95416 MOU  |p 005100019500  |q 005100019500  |t BK  |y 0 
901 |a BIBL1-1999-3 
909 |a Λ  |b 068356 
922 |a 1ΕΛΗ  |b 199909  |c ΚΠΣ/ΠΜΣ  |d ΠΑΠΑΣΩΤΗΡΙΟΥ 
950 |a 157-1999-04-07 
970 |z 1999/09/18  |a ΜΟΥΣΤΑΚΑ  |b ΠΗΝΕΛΟΠΗ